| 000 | 00619cab a2200229 4500 | ||
|---|---|---|---|
| 001 | WB3330-17 | ||
| 008 | 090401t1997 xxu||||| |||| 00| 0 eng d | ||
| 035 | _a(Sirsi) u80037 | ||
| 041 | _aeng | ||
| 245 | _aRICS supports London plan | ||
| 260 | _c1997 | ||
| 350 | _a0 | ||
| 490 |
_aRICS Press Release _v(pr80.lup) 29 July 1997 (2) |
||
| 520 | _aThe RICS supports proposals for a new London-authority based on an elected assembly and a mayor. | ||
| 650 | _aLONDON | ||
| 650 | _aLPAC | ||
| 650 | _aMAYOR | ||
| 650 | _aSTRUCTURE PLANS | ||
| 690 | _aECONOMIC AND SOCIAL | ||
| 942 | _n0 | ||
| 948 | _c31/07/1997 | ||
| 999 |
_c50377 _d50377 |
||